01118nam a2200265 a 450000100060000000300080000600500170001400800410003102000260007203500190009804000320011704100080014908200250015724502090018226000740039130000290046550400360049465000430053070000250057370000500059870000300064894200120067899900170069095201450070767483BD-RjUL20211209081648.0770504s1976 enka b 101 0 eng  a0856641340 :c£14.95 a(BD-RjUL)67614 aDLCcDLCdDLCdBD-RjULbeng aeng00223a338.18bPOL 197610aPolicy and practice in rural development :bproceedings of the second International Seminar on Change in Agriculture, Reading, 9-19 September 1974 /cedited by Guy Hunter, A. H. Bunting, Anthony Bottrall. aLondon :bCroom Helm [for] the Overseas Development Institute,c1976. a520 p. :bill. ;c23 cm. aIncludes Bibliography and index 0aAgriculture9199958vEconomic aspects.1 aHunter, Guy.91999591 aBunting, A. H.q(Arthur Hugh),d1917-91999601 aBottrall, Anthony.987502 2ddccBK c67483d67483 00102ddc40718NFICaRUCLbRUCLcReadingd1987-01-13eBritish, Councilg0.00l0o338.18 POL 1976r2017-03-25 00:00:00tC-1w2021-12-09yBK